Normal view
MARC view
Entry Personal Name
001 - CONTROL NUMBER
- control field: 490703
003 - CONTROL NUMBER IDENTIFIER
- control field: OSt
005 - DATE AND TIME OF LATEST TRANSACTION
- control field: 20220928135436.0
008 - FIXED-LENGTH DATA ELEMENTS
- fixed length control field: 220928|| aca||aabn | a|a d
040 ## - CATALOGING SOURCE
- Original cataloging agency: OSt
- Transcribing agency: OSt
100 ## - HEADING--PERSONAL NAME
- Personal name: Blout Thomas pope
670 ## - SOURCE DATA FOUND
- Source citation: Work cat.: (OSt)806037: Blout Thomas pope, De re poetica 1694, 1972
